=LDR 00000nam 2200000 4500 =001 INLIS000000000040568 =005 20130612150130 =008 ***********************************Ind** =035 ##$$a0010-061300000040568 =041 ##$$a Ind =082 ##$$a 813 =090 ##$$a 813 , Rob a =100 ##$$a Robb, J. D =245 ##$$a Abadi dalam kematian , J. D Robb; Alih bahasa, Sisilia Kinanti G =260 ##$$a 2008 $b Jakarta =300 ##$$a 472 hlm. , 18 cm =650 ##$$a FIKSI =700 ##$$a KINANTI G, SISILIA =850 ##$$a NBPNMAT =990 ##$$a 91747/BPAP-NTB/2014 =990 ##$$a 21400474/BPAP-NTB/2014